<?xml version="1.0" encoding="UTF-8"?>
<record
    xmlns:xsi="http://www.w3.org/2001/XMLSchema-instance"
    xsi:schemaLocation="http://www.loc.gov/MARC21/slim http://www.loc.gov/standards/marcxml/schema/MARC21slim.xsd"
    xmlns="http://www.loc.gov/MARC21/slim">

  <leader>00482nam a2200169Ia 4500</leader>
  <controlfield tag="008">230718s9999    xx            000 0 und d</controlfield>
  <datafield tag="020" ind1=" " ind2=" ">
    <subfield code="a">9788184047486</subfield>
  </datafield>
  <datafield tag="041" ind1=" " ind2=" ">
    <subfield code="a">eng</subfield>
  </datafield>
  <datafield tag="082" ind1=" " ind2=" ">
    <subfield code="a">005.13'3</subfield>
    <subfield code="b">BIR</subfield>
  </datafield>
  <datafield tag="100" ind1=" " ind2=" ">
    <subfield code="a">Bird S.</subfield>
    <subfield code="9">170523</subfield>
  </datafield>
  <datafield tag="245" ind1=" " ind2=" ">
    <subfield code="a">Natural Language Processing With Python</subfield>
  </datafield>
  <datafield tag="260" ind1=" " ind2=" ">
    <subfield code="c">2019</subfield>
    <subfield code="b">O'Reilly /SPD</subfield>
  </datafield>
  <datafield tag="300" ind1=" " ind2=" ">
    <subfield code="a">479</subfield>
  </datafield>
  <datafield tag="365" ind1=" " ind2=" ">
    <subfield code="c">Rs.</subfield>
    <subfield code="b">1275.00</subfield>
  </datafield>
  <datafield tag="700" ind1=" " ind2=" ">
    <subfield code="a">Bird S.; Klein E. &amp; Loper E.</subfield>
    <subfield code="9">190786</subfield>
  </datafield>
  <datafield tag="906" ind1=" " ind2=" ">
    <subfield code="d">O:0702917-Feb-2020B:972013-Feb-2020</subfield>
    <subfield code="c">TIT</subfield>
    <subfield code="b">1593.75</subfield>
  </datafield>
  <datafield tag="999" ind1=" " ind2=" ">
    <subfield code="c">351281</subfield>
    <subfield code="d">351281</subfield>
  </datafield>
  <datafield tag="952" ind1=" " ind2=" ">
    <subfield code="0">0</subfield>
    <subfield code="1">0</subfield>
    <subfield code="4">0</subfield>
    <subfield code="7">0</subfield>
    <subfield code="a">CCEP</subfield>
    <subfield code="b">CCEP</subfield>
    <subfield code="d">2020-02-17</subfield>
    <subfield code="e">The Forward Books</subfield>
    <subfield code="f">TIT</subfield>
    <subfield code="g">956.25</subfield>
    <subfield code="i">9720</subfield>
    <subfield code="l">0</subfield>
    <subfield code="o">005.13'3</subfield>
    <subfield code="p">CCEP-BK-62492</subfield>
    <subfield code="r">2024-12-11 00:00:00</subfield>
    <subfield code="t">1593.75</subfield>
    <subfield code="v">1275.00</subfield>
    <subfield code="w">2020-02-13</subfield>
    <subfield code="y">BK</subfield>
    <subfield code="z">062492</subfield>
  </datafield>
</record>
